| 000 | 01051cam a22003377a 4500 | ||
|---|---|---|---|
| 003 | CHAP | ||
| 005 | 20220817043814.0 | ||
| 008 | 010926d2000 es r 00110 spa d | ||
| 010 | _a84950 | ||
| 011 | _a85922 | ||
| 020 | _a8430904549 | ||
| 035 | _a96460 | ||
| 040 | _cCHAP | ||
| 082 | 0 | 4 |
_a330.15 _bD63 |
| 100 | 0 | 0 |
_aDobb, Maurice Herbert _933134 |
| 245 | 1 | 0 |
_aEnsayos sobre capitalismo, desarrollo y planificación _c/por Maurice Dobb |
| 260 |
_aMadrid : _bTecnos, _c1973. |
||
| 300 | _a235 p. | ||
| 590 |
_aBATCH-UPD _b10 _c20130110 _lUCH01 _h0409 |
||
| 590 |
_aBATCH-UPD _b10 _c20130110 _lUCH01 _h2110 |
||
| 590 |
_aBATCH-UPD _b10 _c20130410 _lUCH01 _h0043 |
||
| 590 |
_aBATCH-UPD _b10 _c20130914 _lUCH01 _h0844 |
||
| 590 |
_aCONVERSION _b10 _c20130109 _lUCH01 _h1347 |
||
| 650 | 1 | 4 |
_aCapitalismo. _918711 |
| 650 | 1 | 4 | _aDesarrollo económico. |
| 650 | 1 | 4 |
_aPolítica de precios _zURSS. _990484 |
| 901 | _aBK | ||
| 905 | _aAlejandra Carrasco M. | ||
| 942 | _cLIBRO | ||
| 949 |
_a330.15 D63 _bBC _cLIBRO _d33724000856670 _eLIBRO _h101994 _i96460 _kDon. _sb |
||
| 999 |
_c84950 _d84950 |
||